Türk gölge oyunu/ (Record no. 37674)
| 000 -BAŞLIK | |
|---|---|
| Sabit Uzunluktaki Kontrol Alanı | 01172nam a22003377a 4500 |
| 001 - KONTROL NUMARASI | |
| Control Dosyası | 0037820 |
| 003 - KONTROL NUMARASI KİMLİĞİ | |
| Kontrol Alanı | KOHA_MİRAKIL |
| 005 - EN SON İŞLEM TARİHİ ve ZAMANI | |
| Kontrol Alanı | 20260207003041.0 |
| 007 - FİZİKSEL TANIM SABİT ALAN - GENEL BİLGİ | |
| Sabit uzunluklu kontrol alanı | ta |
| 008 - SABİT UZUNLUKTAKİ VERİ ÖGELERİ - GENEL BİLGİ | |
| Sabit Alan | 120710b1968 tu a|||gr||||#||||1|tur | |
| 040 ## - KATALOGLAMA KAYNAĞI | |
| Özgün Kataloglama Kurumu | TR-BiSEU |
| Kataloglama Dili | tur |
| Çeviri Kurumu | TR-BiSEU |
| Açıklama Kuralları | rda |
| 041 0# - DİL KODU | |
| Metin ya da ses kaydının dil kodu | tur |
| 044 ## - YAYINLAYAN/ÜRETEN KURULUŞUN ÜLKE KODU | |
| ISO country code | tu |
| 050 ## - SINIFLAMA ve YER NUMARASI | |
| Sınıflama Numarası | PN1979.S5 |
| Yer Numarası | S49 1968 |
| 100 1# - KİŞİ ADI | |
| Yazar Adı (Kişi adı) | Sevin, Nureddin. |
| 245 1# - ESER ADI BİLDİRİMİ | |
| Başlık | Türk gölge oyunu/ |
| Sorumluluk Bildirimi | Nureddin Sevin ; Nureddin Sevin. |
| 264 #1 - ÜRERİM, YAYIN, DAĞITIM ve TELİF BİLDİRİMİ | |
| Yayın yeri | İstanbul : |
| Yayınlayan | Milli Eğitim Bakanlığı |
| Yayın tarihi | 1968 |
| 300 ## - FİZİKSEL TANIMLAMA | |
| Sayfa, Cilt vb. | 70, [3] sayfa : |
| Diğer fiziki detaylar | resimli ; |
| Boyutları | 27 cm. |
| 336 ## - İÇERİK TÜRÜ | |
| Content type term | metin |
| Content type code | txt |
| Source | rdacontent |
| 337 ## - MEDYA TÜRÜ | |
| Media type term | aracısız |
| Media type code | n |
| Source | rdamedia |
| 338 ## - TAŞIYICI TÜRÜ | |
| Carrier type term | cilt |
| Carrier type code | nc |
| Source | rdacarrier |
| 490 1# - DİZİ BİLDİRİMİ | |
| Dizi Bildirimi | Milli Eğitim Bakanlığı. |
| 490 1# - DİZİ BİLDİRİMİ | |
| Dizi Bildirimi | Büyük Türk yazarları ve şairleri komisyonu yayınları ; |
| Cilt Numarası | 2. |
| 490 1# - DİZİ BİLDİRİMİ | |
| Dizi Bildirimi | Güzel sanatlar serisi ; |
| Cilt Numarası | 1. |
| 650 #0 - KONU BAŞLIĞI EK GİRİŞ - KONU TERİMİ | |
| Konusal terim veya coğrafi ad | Shadow pantomimes and plays--Turkey. |
| 9 (RLIN) | 70762 |
| 650 #0 - KONU BAŞLIĞI EK GİRİŞ - KONU TERİMİ | |
| Konusal terim veya coğrafi ad | Gölge pandomimleri ve oyunları--Türkiye. |
| 9 (RLIN) | 70763 |
| 830 1# - SERİ EK GİRİŞİ - TEKBİÇİM ESER ADI | |
| Tekbiçim Başlık | Milli Eğitim Bakanlığı. |
| 9 (RLIN) | 25055 |
| 830 1# - SERİ EK GİRİŞİ - TEKBİÇİM ESER ADI | |
| Tekbiçim Başlık | Büyük Türk yazarları ve şairleri komisyonu yayınları ; |
| Volume number/sequential designation | 2. |
| 9 (RLIN) | 70764 |
| 830 1# - SERİ EK GİRİŞİ - TEKBİÇİM ESER ADI | |
| Tekbiçim Başlık | Güzel sanatlar serisi ; |
| Volume number/sequential designation | 1. |
| 9 (RLIN) | 70765 |
| 942 ## - EK GİRİŞ ÖGELERİ (KOHA) | |
| Source of classification or shelving scheme | Library of Congress Classification |
| Koha item type | Book |
| Materyal Türü | Kalıcı Konum | Mevcut Konum | Raf Yeri | Sınıflandırma Kaynağı | Edinim Bilgisi | Ana Konular | Alt Konular | Yer Numarası | Demirbaş Numarası | Fatura Tarihi | Geri Çekilme Durumu | Kayıp Durumu | Hasarlı Durumu | Kredi için değil | Kayıt Tarih | Toplam Ödünçverme | Son Görülme Tarihi | Son Kontrol Tarihi | Genel / Bağış Notu |
|---|---|---|---|---|---|---|---|---|---|---|---|---|---|---|---|---|---|---|---|
| Book | Prof. Dr. Azmi Özcan Kütüphanesi | Prof. Dr. Azmi Özcan Kütüphanesi | Birûni Salonu | Library of Congress Classification | Bağış | DİL VE EDEBİYAT | Edebiyat (Genel) | PN1979.S5 S49 1968 | 0037820 | 02/02/2026 | 10/07/2012 | 05/12/2024 | 05/12/2024 | Genel Bağış |
